000 00640cam a22002171 4500
001 sa 68016688
003 DLC
005 20260227112656.0
008 720703s1964 xx 000 0 ind
010 _asa 68016688
035 _a(OCoLC)347170
040 _aDLC
_cOAU
_dDLC
042 _apremarc
050 0 0 _aDS644
_b.N3515
100 1 _aNasution, Harris Muda.
245 1 0 _a143
_b[i. e. Seratus empatpuluh tiga] tanja-djawab TAVIP,
_cdisusun oleh Harris Muda Nst.
260 _aMedan,
_bHarris
_c[1964?]
300 _a55 p.
_bport.
_c17 cm.
651 0 _aIndonesia
_xPolitics and government
_y1950-1966.
740 0 2 _aTanja-djawab TAVIP.
999 _c87249
_d87249